Megadom na strome 39 poschodí

Bibliographic Details
Main Author: Griffiths, Andy, 1961- (Author)
Other Authors: Denton, Terry, 1950- (Illustrator), Kralovičová, Oľga, 1957- (Translator)
Format: Book
Language:Slovak
English
PhysicalDescription:344 strán ilustrácie 20 cm
Published: Bratislava Slovart 2020
ISBN:9788055637280
Subjects:

MARC

LEADER 00000cam a2200000 4500
001 vtls011919999
003 SK-MaSNL
005 20260302060632.0
008 220509s2020 xo br 000 j slo
020 |a 9788055637280  |q (brožované) 
035 |a urn:nbn:sk:snk-am00fhhy 
035 |a urn:nbn:sk:snk-am3j69i 
035 |a 832DD39C-1763-4C37-B42F-5381DAD2A219 
040 |a SNK  |b slo  |c SNK  |e AACR2 
041 1 |a slo  |h eng 
044 |a xo  |c SK 
072 7 |a 821.111-3  |x Anglická próza, anglicky písaná  |2 konspekt 
072 7 |a 821-93  |x Literatúra pre deti a mládež (beletria)  |2 konspekt 
080 |a 821.111(94)-32  |2 2011 
080 |a (0:82-321.3)  |2 2011 
080 |a 82-93-053.4/.5  |2 2011 
100 1 |a Griffiths, Andy,  |d 1961-  |4 aut  |9 216979 
240 1 4 |a The 39-storey treehouse  |l Slovensky 
245 1 0 |a Megadom na strome  |p 39 poschodí  |c Andy Griffiths ; ilustroval Terry Denton ; z anglického originálu The 39-storey treehouse ... preložila Oľga Kralovičová 
246 3 0 |a 39 poschodí 
246 3 |a Tridsaťdeväť poschodí 
264 1 |a Bratislava  |b Slovart  |c 2020 
300 |a 344 strán  |b ilustrácie  |c 20 cm 
336 |a text  |b txt  |2 rdacontent 
336 |a statický obraz  |b sti  |2 rdacontent 
337 |a bez média  |b n  |2 rdamedia 
338 |a zväzok  |b nc  |2 rdacarrier 
500 |a Údaje o sérii prevzaté z externého zdroja 
521 8 |a Pre čitateľov od 8 rokov 
655 7 |a austrálske príbehy  |2 SNKPH  |9 79555 
655 7 |a dobrodružné príbehy  |2 SNKPH  |9 70626 
655 7 |a literatúra pre deti  |2 SNKPH  |2 SNKPH  |9 87135 
655 7 |a Australian stories  |2 SNKPHeng  |9 303202 
655 7 |a Adventure stories  |2 SNKPHeng  |9 312592 
655 7 |a Children's literature  |2 SNKPHeng  |9 276039 
700 1 |a Denton, Terry,  |d 1950-  |4 ill  |9 196479 
700 1 |a Kralovičová, Oľga,  |d 1957-  |4 trl  |9 86544 
787 0 8 |i Zo série:  |t Megadom na strome  |g 3 
919 |a 978-8-556-3728-0 
958 |a LX 
958 |a DB 
958 |a UP 
968 |b ENG 
999 |c 1122011  |d 1123941 
952 |a SNK  |b SNK  |y PREZ  |7 0  |p 17A1426762  |o snkSD 89110  |i snk2020/10128  |8 0  |0 0  |1 0  |4 0  |d 2020-06-10  |f 1  |l 0  |r 2026-02-24 18:34:48  |w 2026-02-24 
952 |a SNK  |b SNKPULT  |y PREZ  |7 0  |p 17A1426763  |o snkSD 89110 D1  |i snk2020/10129  |8 0  |0 0  |1 0  |4 0  |d 2020-06-10  |l 1  |q 2026-02-20  |r 2026-02-28 18:55:43  |s 2026-02-28  |w 2026-02-24